000 00807cam a22002897a 4500
001 12819131
003 NUST
005 20230327100455.0
008 010514s2001 pk 000 0 urd
010 _a 2001289406
020 _a9693512057
025 _aP-U-2001289406; 05; 06
035 _a(DLC) 2001289406
040 _aDLC
_cDLC
_dDLC
042 _alcode
050 0 0 _aMLCMA 2001/00058 (P)
082 _a891.4392,ASH
100 0 _aAshfāq Aḥmad,
_d1925-2004.
_9639
245 1 0 _aJang bajang :
_bTalqeen Shah /
_cAshfaq Aḥmad.
260 _aLahore :
_bSang-i Mīl Pablīkeshanz,
_c2001.
300 _a302 p. ;
_c23 cm.
500 _aDrama.
546 _aIn Urdu.
906 _a7
_bcbc
_corigode
_d3
_encip
_f20
_gy-gencatlg
942 _2ddc
_cBK
_k891.4392,ASH
999 _c594316
_d594316